Kadal Kadithangal (Record no. 230641)

MARC details
000 -LEADER
fixed length control field 00402nam a2200181Ia 4500
008 - FIXED-LENGTH DATA ELEMENTS--GENERAL INFORMATION
fixed length control field 240823s9999||||xx |||||||||||||| ||und||
082 ## - DEWEY DECIMAL CLASSIFICATION NUMBER
-- 791.4572 N8
100 ## - MAIN ENTRY--PERSONAL NAME
Personal name Valampuri John
245 #0 - TITLE STATEMENT
Title Kadal Kadithangal
250 ## - EDITION STATEMENT
Edition statement 4th
260 ## - PUBLICATION, DISTRIBUTION, ETC. (IMPRINT)
Date of publication, distribution, etc 1998
Name of publisher, distributor, etc Alaikal Veli
500 ## - GENERAL NOTE
General note DISPLAY
650 ## - SUBJECT ADDED ENTRY--TOPICAL TERM
Topical term or geographic name as entry element Tamil
942 ## - ADDED ENTRY ELEMENTS (KOHA)
Item type Books
Holdings
Withdrawn status Lost status Damaged status Permanent location Current location Shelving location Date acquired Source of acquisition Cost, normal purchase price Full call number Barcode Date last seen Koha item type
      CENTRAL LIBRARY, NOORUL ISLAM CENTRE FOR HIGHER EDUCATION CENTRAL LIBRARY, NOORUL ISLAM CENTRE FOR HIGHER EDUCATION   02/26/2019 Gift Book From Department 30.00 791.4572 N8 78838 08/23/2024 Books
Visitors:
Copyright © 2024 Central Library NICHE.  All rights reserved.